| 000 | 00764nam a22002057a 4500 | ||
|---|---|---|---|
| 999 |
_c12267 _d12267 |
||
| 003 | AR-CdUCM | ||
| 008 | 190408b ||||| |||| 00| 0 spa d | ||
| 040 |
_aMUNICIPALIDAD PROVINCIAL DEL CUSCO _cBIBLIOTECA MUNICIPAL DEL CUSCO |
||
| 082 |
_a926.185 / _bC31 / 1886 |
||
| 100 |
_aCarrion, Daniel A. _930031 |
||
| 245 |
_aLa verruga Peruana y Daniel A. Carrion : _bestudiante de la facultad de medicina muerto el 5 de octubre de 1885 / |
||
| 260 |
_aLima : _bImprenta del Estado, _c1886. |
||
| 300 |
_a109 paginas ; _c18 cm. |
||
| 505 | _aContenido : Sobre la verruga Peruana -- Historias. | ||
| 650 |
_aDaniel Alcides Carrion _9332 |
||
| 650 |
_aMedicina Peruana _9331 |
||
| 650 |
_aVerruga en el PerĂº _930032 |
||
| 942 |
_2ddc _cLIBROS |
||
| 945 |
_awnts _d2019-04-08 |
||